Monografía histórica de la provincia de Limón (Costa Rica) /

Uloženo v:
Podrobná bibliografie
Hlavní autoři: Lemistre Pujol, Annie, Acosta Vega, Miriam Mayela
Médium: Neznámo
Jazyk:Spanish
Vydáno: San José, Costa Rica : Editorial del Ministerio de Educación Pública, 1984.
Témata:
Tagy: Přidat tag
Žádné tagy, Buďte první, kdo vytvoří štítek k tomuto záznamu!

MARC

LEADER 000000000a22000000004500
001 003421
020 |a 9977600066 
041 0 |a spa 
082 0 4 |a 972.861   |b L554m 
100 1 |a Lemistre Pujol, Annie 
100 1 |a Acosta Vega, Miriam Mayela 
245 1 0 |a Monografía histórica de la provincia de Limón (Costa Rica) /   |c Annie Lemistre Pujol, Miriam Mayela Acosta Vega 
260 1 |a San José, Costa Rica :   |b Editorial del Ministerio de Educación Pública,   |c 1984. 
300 |a 211 páginas 
650 4 |a HISTORIA 
650 4 |a COSTA RICA 
650 4 |a LIMON (COSTA RICA) 
999 |c 9646  |d 9646 
942 |c BK  |h 972.861 L554m  |2 z